Romancero del Cid (Record no. 163902)
[ view plain ]
| 000 -LEADER | |
|---|---|
| campo de control de longitud fija | 00939nam a2200205 i 4500 |
| 001 - NÚMERO DE CONTROL | |
| campo de control | 163902 |
| 003 - IDENTIFICADOR DE NÚMERO DE CONTROL | |
| campo de control | ES-MaACL |
| 005 - FECHA Y HORA DE LA ÚLTIMA TRANSACCIÓN | |
| campo de control | 20250801161305.0 |
| 008 - DATOS DE LONGITUD FIJA--INFORMACIÓN GENERAL | |
| campo de control de longitud fija | 940301s1876 sp |||| | spa d |
| 040 ## - FUENTE DE CATALOGACIÓN | |
| Centro catalogador/agencia de origen | CLM |
| Lengua de catalogación | spa |
| 245 00 - MENCIÓN DEL TÍTULO | |
| Título | Romancero del Cid |
| Resto del título | : tomo I. |
| 250 ## - MENCION DE EDICION | |
| Mención de edición | 2ª ed. |
| 260 ## - PUBLICACIÓN, DISTRIBUCIÓN, ETC. | |
| Lugar de publicación, distribución, etc. | Madrid : |
| Nombre del editor, distribuidor, etc. | [s.n.], |
| Fecha de publicación, distribución, etc. | 1876 ( |
| Fabricante | Imp. de Aribau y C\sa\p: Sucesores de Rivadeneyra) |
| 300 ## - DESCRIPCIÓN FÍSICA | |
| Extensión | 222 p. ; |
| Dimensiones | 14 cm. |
| 490 1# - MENCIÓN DE SERIE | |
| Mención de serie | Biblioteca universal: Colección de los mejores autores antiguos y modernos, nacionales y extranjeros |
| 597 ## - NOTA DE DESCRIPCIÓN FÍSICA | |
| NOTA DE DESCRIPCIÓN FÍSICA | Antep. |
| 830 00 - PUNTO DE ACCESO ADICIONAL DE SERIE-TÍTULO UNIFORME | |
| Título uniforme | Biblioteca universal. |
| Nombre de parte o sección de la obra | Colección de los mejores autores antiguos y modernos, nacionales y extranjeros |
| 9 (RLIN) | 188447 |
| 852 ## - LOCALIZACIÓN | |
| Ubicación | ES-MaACL |
| Número de control de estantería | D-4822(1) |
| Nota libre | -- Enc. hol. |
| Encuadernación | -- Edic.: quitar Tomo I de T245, corresponde a la serie -- corregir serie : Biblioteca universal: colección de los mejores autores antiguos y modernos, nacionales y extranjeros |
| Estatus retirado | Estado de pérdida | Estado de daño | No para préstamo | Colección | Biblioteca de origen | Biblioteca actual | Ubicación en estantería | Fecha de adquisición | Fuente de adquisición | Total de préstamos | Signatura topográfica completa | Código de barras | Visto por última vez | Precio de reemplazo | Tipo de ítem Koha |
|---|---|---|---|---|---|---|---|---|---|---|---|---|---|---|---|
| Libros del s. XIX | Biblioteca del Ateneo de Madrid | Biblioteca del Ateneo de Madrid | Sala Valle Inclán | 17/01/2008 | D-4822(1) | 901171773 | 23/02/2023 | 23/02/2023 | Libro impreso antiguo |
